Responses for show #2572 - Tuesday, November 7, 1995

1995 Celebrity Jeopardy! game 2.

Contestants

[<< previous game]

Dan Jansen, a world record holder and gold medal winner in speed skating from the 1994 Olympics

Melody Thomas Scott, an actress from the top-rated series The Young and the Restless

LeVar Burton, a distinguished actor and TV host from the Emmy-winning children's program Reading Rainbow

[next game >>]

Jeopardy! Round responses

ZOOLOGY
WEAPONS
WORLD GEOGRAPHY
OOPS!
THEY ALMOST STARRED IN...
LEADING "ROLL"s
    $100 23
an eel

Dan
    $100 1
the boomerang

LeVar
    $100 3
Loch Ness

LeVar
    $100 4
oil

Melody
    $100 5
The Wizard of Oz

LeVar
    $100 16
roll-on

Melody
    $200 2
postal workers

Melody
    $200 11
the Nile

LeVar
    $200 10
a sword

Dan
    $200 6
Alice in Wonderland

LeVar
    $200 17
a bed roll

LeVar
    $300 12
a petard

Triple Stumper
    $300 24
Mount Vesuvius

Melody
    $300 15
he was shot [in the foot]

Melody
    $300 7
The Graduate

LeVar
    $300 18
a rolling pin

LeVar
    $400 13
a blow gun

LeVar
    $400 25
(Melody: What was Nevada?)

New Mexico

Melody
    $400 21
his leg

LeVar
    $400 8
Dr. Dolittle

LeVar
    $400 19
roll out the barrel

LeVar
    $500 14
the NRA

LeVar
    $500 26
(Dan: What is Asia?)
[The end-of-round signal sounds without Alex's warning.]

Antarctica

MelodyDan
    $500 22
(LeVar: Who is Gerald Ford?)

George Bush

LeVar
Triple Stumper
    $500 9
Joan Crawford

Melody
    $500 20
jelly roll

LeVar

Scores at the first commercial break (after clue 13):

LeVar Melody Dan
$1,800 $800 $200

Scores at the end of the Jeopardy! Round:

LeVar Melody Dan
$3,600 $1,600 -$200

Double Jeopardy! Round responses

ART
THE 1920s
THE 1995 EMMY AWARDS
FAMOUS WOMEN
EXPLORERS
BOOKS & AUTHORS
    $200 16
Tutankhamun

LeVar
    $200 5
Jay Leno

Dan
    $200 1
Grace Kelly

Melody
    $200 18
Columbus

LeVar
    $200 11
Bill Shatner

LeVar
    $400 22
Norman Rockwell

Melody
    $400 17
Wrigley

LeVar
    $400 4
Barbra Streisand

LeVar
    $400 2
Sandra Day-O'Connor [or Ruth Bader Ginsburg]

Dan
    $400 19
[William] Clark

LeVar
    $400 12
Les Miserables

Melody
    $600 23
Venus

Triple Stumper
    $600 3
Frasier

LeVar
    $1,500 8
Winnie Mandela

LeVar
    $600 20
(LeVar: Who is Vasco da Gama?)
...
(Alex: And we have less than a minute to go.)

Magellan

LeVarDan
    $600 13
[Henry] Miller

LeVar
    $800 24
Edgar Degas

Triple Stumper
    $800 6
Ray Walston

Melody
    $800 9
Golda Meir

Dan
    $2,000 14
[Larry] McMurtry

LeVar
    $1000 25
[The end-of-round signal sounds.]

Lautrec

LeVar
    $1000 7
Raul Julia

LeVar
    $1000 10
Aimee Semple McPherson

Triple Stumper
    $1000 21
Byrd

LeVar
    $1000 15
Winston Groom

Triple Stumper

Scores at the end of the Double Jeopardy! Round:

LeVar Melody Dan
$12,500 $3,400 $1,800
(lock game)

[wagering suggestions for these scores]

Final Jeopardy! Round responses

FRANCE
DanWho is ?
$1,000
MelodyWho was ?
$100
LeVarWho is DeGoal?
$2,000
Charles de Gaulle

Final scores:

LeVar Melody Dan
$14,500 $3,300 $800
Winner: $14,500 to the Somalia Foundation 2nd place: $10,000 to the Save The Earth Foundation 3rd place: $10,000 to the Dan Jansen Foundation

Game dynamics:

Coryat scores:

LeVar Melody Dan
$10,400 $3,800 $1,800
27 R
(including 2 DDs),
2 W
11 R,
1 W
(including 1 DD)
6 R,
1 W

Combined Coryat: $16,000

The J! Archive is created by fans, for fans. The Jeopardy! game show and all elements thereof, including but not limited to copyright and trademark thereto, are the property of Jeopardy Productions, Inc. and are protected under law. This website is not affiliated with, sponsored by, or operated by Jeopardy Productions, Inc. Join the discussion at JBoard.tv.